000 00747nam a22001697a 4500
999 _c371416
_d371416
008 201127b ||||| |||| 00| 0 eng d
040 _aDE-2950
_bger
_cDE-2950
_erda
041 _ager
245 _aStationen eines Ruhelosen.
_bLiteratur: Der Regisseur und Autor Armin Petras gibt in seinem Buch der Reihe "backstage" Auskunft über sich, seine Theaterarbeit und was ihn beschäftigt /
_cThomas Klatt
264 _c2022
653 _aPetras, Armin; Theaterintendant, Theaterregisseur, Dramatiker, 1964-
773 _dFrankfurt (Oder) Märkisches Verlags- und Druckhaus GmbH & Co KG
_tMärkische Oderzeitung
_g33. Jahrgang (2022) Nr. 32 vom 08.02.2022, S. 19
942 _cA